| 000 | 00901cam a2200241 4500 | ||
|---|---|---|---|
| 001 | WB3606-38 | ||
| 008 | 000000n2000 000 0 eng u | ||
| 035 | _a(Sirsi) u104114 | ||
| 245 | _aNew quality mark | ||
| 260 | _c2000 | ||
| 490 |
_aCSM _bChartered Surveyor Monthly _vFebruary 2000, 5(1) |
||
| 520 | _aThe European Group of Valuers (TEGoVA) has introduced a new 'Approved by TEGoVA' quality mark which will be awarded to European certification bodies which meet its criteria for education and training of property valuers. | ||
| 590 | _aWB | ||
| 650 | _aABOUT RICS-RELATED ORGANISATIONS-EUROPEAN GROUP OF VALUERS' ASSOCIATIONS | ||
| 650 | _aQUALITY ASSURANCE | ||
| 650 | _aQUALITY MARK | ||
| 650 | _aCERTIFICATION SCHEMES | ||
| 650 | _aEDUCATION AND TRAINING | ||
| 650 | _aEUROPE | ||
| 650 |
_aValuation _96273 |
||
| 690 | _aPROPERTY-PROPERTY APPRAISAL AND VALUATION | ||
| 942 | _n0 | ||
| 999 |
_c62489 _d62489 |
||